Paula

Salvato in:
Dettagli Bibliografici
Autore principale: Allende, Isabel, 1942- (autora)
Natura: Libro
Lingua:spagnolo
Pubblicazione: Santiago Sudamericana 1994
Edizione:15a. ed
Soggetti:
Tags: Aggiungi Tag
Nessun Tag, puoi essere il primo ad aggiungerne!!

MARC

LEADER 00000nam a2200000 a 4500
001 UCS1978
003 CL-VaPUC
008 970516e19940000CL |||||||||||||||||spa|d
082 0 4 |a Ch863  |b ALL  |2 21 
100 |a Allende, Isabel,  |d 1942-  |e autora  |9 318389 
245 1 0 |a Paula 
250 |a 15a. ed 
300 |a 352 p 
942 |c BK 
945 |d 19970516 00:00:00  |a rleighto 
260 |a Santiago  |b Sudamericana  |c 1994 
650 0 |a Novelas chilenas   |9 265425 
583 |a last modification  |c 19970516 00:00:00  |k Rodrigo Vera 
999 |c 259978  |d 259976 
952 |0 0  |1 0  |4 0  |6 CH_863_000000000000000_ALL_1994  |7 0  |8 A  |9 285520  |a BIBEDU  |b BIBEDU  |c ES_NOD  |d 2019-11-19  |i 3306674  |o Ch863 ALL 1994  |p 3306674  |r 2023-08-09  |w 2019-11-19  |y BK  |k LIT